[Event "T-Director's Swiss sytem"]
[Site "playchess.com #662980"]
[Date "2014.03.16"]
[Round "3"]
[White "Ultimatewinner_a"]
[Black "Alphabeta"]
[Result "0-1"]
[WhiteElo "2041"]
[BlackElo "1712"]
[PlyCount "78"]
[EventDate "2014.03.16"]
[EventType "swiss (blitz)"]

1. e3 {[%emt 0:00:02]} e5 {[%emt 0:00:02]} 2. d4 {[%emt 0:00:01]} exd4 {[%emt
0:00:01]} 3. exd4 {[%emt 0:00:00]} d5 {[%emt 0:00:01]} 4. Nf3 {[%emt 0:00:00]}
Bd6 {[%emt 0:00:01]} 5. Bd3 {[%emt 0:00:01]} Ne7 {[%emt 0:00:01]} 6. O-O {
[%emt 0:00:00]} Bg4 {[%emt 0:00:01]} 7. h3 {[%emt 0:00:01]} Bh5 {[%emt 0:00:01]
} 8. g4 {[%emt 0:00:03]} Bg6 {[%emt 0:00:01]} 9. Ne5 {[%emt 0:00:00]} Bxd3 {
[%emt 0:00:02]} 10. Qxd3 {[%emt 0:00:02]} O-O {[%emt 0:00:02]} 11. c4 {[%emt 0:
00:14]} c5 {[%emt 0:00:09]} 12. Nc3 {[%emt 0:00:10]} dxc4 {[%emt 0:00:06]} 13.
Qxc4 {[%emt 0:00:08]} cxd4 {[%emt 0:00:11]} 14. Qxd4 {[%emt 0:00:10]} Nbc6 {
[%emt 0:00:02]} 15. Nxc6 {[%emt 0:00:02]} Nxc6 {[%emt 0:00:01]} 16. Qc4 {[%emt
0:00:08]} Qh4 {[%emt 0:00:06]} 17. Kg2 {[%emt 0:00:03]} Ne5 {[%emt 0:00:08]}
18. Qd5 {[%emt 0:00:52]} Rad8 {[%emt 0:00:07]} 19. Qxb7 {[%emt 0:00:47]} Nxg4 {
[%emt 0:00:04]} 20. Qe4 {[%emt 0:00:23]} f5 {[%emt 0:00:13]} 21. Qc4+ {[%emt 0:
01:07]} Kh8 {[%emt 0:00:07]} 22. Qe2 {[%emt 0:00:46]} Ne5 {[%emt 0:00:33]} 23.
f4 {[%emt 0:00:17]} Ng6 {[%emt 0:00:26]} 24. Qf2 {[%emt 0:00:04]} Qh5 {[%emt 0:
00:13]} 25. Be3 {[%emt 0:00:07]} Rfe8 {[%emt 0:00:07]} 26. Rad1 {[%emt 0:00:05]
} a5 {[%emt 0:00:29] '} 27. a4 {[%emt 0:00:05]} Nh4+ {[%emt 0:00:18]} 28. Kh2 {
[%emt 0:00:02]} Ng6 {[%emt 0:00:13]} 29. Kg2 {[%emt 0:00:04]} Bc7 {[%emt 0:00:
01]} 30. Rxd8 {[%emt 0:00:03]} Rxd8 {[%emt 0:00:00]} 31. Bd4 {[%emt 0:00:02]}
h6 {[%emt 0:00:14]} 32. Be3 {[%emt 0:00:03]} Kh7 {[%emt 0:00:01]} 33. Kh2 {
[%emt 0:00:01]} Rd3 {[%emt 0:00:04]} 34. Re1 {[%emt 0:00:02]} Bb6 {[%emt 0:00:
04]} 35. Bxb6 {[%emt 0:00:01]} Qxh3+ {[%emt 0:00:01]} 36. Kg1 {[%emt 0:00:00]}
Rg3+ {[%emt 0:00:06]} 37. Qg2 {[%emt 0:00:01]} Rxg2+ {[%emt 0:00:01]} 38. Kf1 {
[%emt 0:00:01]} Qf3+ {[%emt 0:00:02]} 39. Bf2 {[%emt 0:00:03]} Qxf2# {[%emt 0:
00:01]} 0-1

[Event "T-Director's Swiss sytem"]
[Site "playchess.com #662980"]
[Date "2014.03.16"]
[Round "7"]
[White "Ultimatewinner_a"]
[Black "LovePoetry"]
[Result "0-1"]
[WhiteElo "1992"]
[BlackElo "1679"]
[PlyCount "130"]
[EventDate "2014.03.16"]
[EventType "swiss (blitz)"]

1. e3 {[%emt 0:00:01]} d5 {[%emt 0:00:05]} 2. d4 {[%emt 0:00:01]} Bf5 {[%emt 0:
00:03]} 3. f4 {[%emt 0:00:01]} Nf6 {[%emt 0:00:04]} 4. Nf3 {[%emt 0:00:01]} Ne4
{[%emt 0:00:04]} 5. Bd3 {[%emt 0:00:01]} e6 {[%emt 0:00:04]} 6. O-O {[%emt 0:
00:02]} Nd7 {[%emt 0:00:05]} 7. c3 {[%emt 0:00:02]} Be7 {[%emt 0:00:13]} 8. Qc2
{[%emt 0:00:02]} h5 {[%emt 0:00:09]} 9. Nbd2 {[%emt 0:00:04]} h4 {[%emt 0:00:
01]} 10. Nxe4 {[%emt 0:00:02]} dxe4 {[%emt 0:00:04]} 11. Bxe4 {[%emt 0:00:01]}
Bxe4 {[%emt 0:00:01]} 12. Qxe4 {[%emt 0:00:00]} c6 {[%emt 0:00:08]} 13. Ne5 {
[%emt 0:00:06]} Nxe5 {[%emt 0:00:26]} 14. fxe5 {[%emt 0:00:06]} Bg5 {[%emt 0:
00:10]} 15. Qf3 {[%emt 0:00:06]} Qe7 {[%emt 0:00:04]} 16. e4 {[%emt 0:00:02]}
Bxc1 {[%emt 0:00:24]} 17. Raxc1 {[%emt 0:00:05]} Rf8 {[%emt 0:00:19]} 18. d5 {
[%emt 0:00:05]} O-O-O {[%emt 0:00:06]} 19. d6 {[%emt 0:00:01]} Qg5 {[%emt 0:00:
07]} 20. Qf4 {[%emt 0:00:07]} Qh5 {[%emt 0:00:41]} 21. Rcd1 {[%emt 0:00:27]}
Rd7 {[%emt 0:00:01]} 22. Rd4 {[%emt 0:00:02]} g5 {[%emt 0:00:07]} 23. Qf3 {
[%emt 0:00:14]} g4 {[%emt 0:00:02]} 24. Qf4 {[%emt 0:00:03]} Rg8 {[%emt 0:00:
15]} 25. Ra4 {[%emt 0:00:08]} a6 {[%emt 0:00:03]} 26. Ra5 {[%emt 0:00:12]} Rg5
{[%emt 0:00:08]} 27. a4 {[%emt 0:00:26]} Rxd6 {[%emt 0:00:20]} 28. exd6 {[%emt
0:00:04]} Rxa5 {[%emt 0:00:03]} 29. Qf6 {[%emt 0:00:10]} Qc5+ {[%emt 0:00:13]}
30. Qd4 {[%emt 0:00:07]} Qxd4+ {[%emt 0:00:21]} 31. cxd4 {[%emt 0:00:03]} Rxa4
{[%emt 0:00:01]} 32. Rd1 {[%emt 0:00:07]} Kd7 {[%emt 0:00:14]} 33. e5 {[%emt 0:
00:02]} Rb4 {[%emt 0:00:07]} 34. Rd2 {[%emt 0:00:02]} a5 {[%emt 0:00:20]} 35.
Kf2 {[%emt 0:00:04]} Rb3 {[%emt 0:00:02]} 36. g3 {[%emt 0:00:08]} hxg3+ {[%emt
0:00:05]} 37. hxg3 {[%emt 0:00:00]} b5 {[%emt 0:00:03]} 38. Ke2 {[%emt 0:00:08]
} Rxg3 {[%emt 0:00:03]} 39. Rd3 {[%emt 0:00:06]} Rg2+ {[%emt 0:00:04]} 40. Ke3
{[%emt 0:00:01]} Rxb2 {[%emt 0:00:01]} 41. Kf4 {[%emt 0:00:01]} Rg2 {[%emt 0:
00:08]} 42. Ra3 {[%emt 0:00:07]} a4 {[%emt 0:00:02]} 43. Ke4 {[%emt 0:00:02]}
Rd2 {[%emt 0:00:15]} 44. Rc3 {[%emt 0:00:10]} b4 {[%emt 0:00:06]} 45. Rc4 {
[%emt 0:00:02]} a3 {[%emt 0:00:05]} 46. Rxb4 {[%emt 0:00:02]} a2 {[%emt 0:00:
01]} 47. Rb7+ {[%emt 0:00:05]} Kc8 {[%emt 0:00:03]} 48. Ra7 {[%emt 0:00:01]} g3
{[%emt 0:00:02]} 49. d5 {[%emt 0:00:01]} cxd5+ {[%emt 0:00:02]} 50. Kf3 {[%emt
0:00:04]} g2 {[%emt 0:00:02]} 51. Ra8+ {[%emt 0:00:01]} Kb7 {[%emt 0:00:02]}
52. Rg8 {[%emt 0:00:02]} a1=Q {[%emt 0:00:02]} 53. Rxg2 {[%emt 0:00:02]} Rxg2 {
[%emt 0:00:02]} 54. Kxg2 {[%emt 0:00:02]} Qxe5 {[%emt 0:00:00]} 55. Kf3 {[%emt
0:00:01]} Qxd6 {[%emt 0:00:01]} 56. Kg4 {[%emt 0:00:01]} Kc6 {[%emt 0:00:00]}
57. Kg5 {[%emt 0:00:01]} Qe5+ {[%emt 0:00:01]} 58. Kh6 {[%emt 0:00:01]} Qf5 {
[%emt 0:00:01]} 59. Kg7 {[%emt 0:00:01]} Kd6 {[%emt 0:00:02]} 60. Kf8 {[%emt 0:
00:01]} Kd7 {[%emt 0:00:02]} 61. Kg8 {[%emt 0:00:01]} Ke8 {[%emt 0:00:01]} 62.
Kh8 {[%emt 0:00:05]} Qg4 {[%emt 0:00:01]} 63. Kh7 {[%emt 0:00:01]} f5 {[%emt 0:
00:01]} 64. Kh8 {[%emt 0:00:01]} Kf7 {[%emt 0:00:01]} 65. Kh7 {[%emt 0:00:00]}
Qg7# {[%emt 0:00:01]} 0-1

[Event "T-Director's Swiss sytem"]
[Site "playchess.com #662980"]
[Date "2014.03.16"]
[Round "9"]
[White "Ultimatewinner_a"]
[Black "Saint-Michel"]
[Result "1-0"]
[WhiteElo "1968"]
[BlackElo "1710"]
[PlyCount "45"]
[EventDate "2014.03.16"]
[EventType "swiss (blitz)"]

1. e3 {[%emt 0:00:08]} d5 {[%emt 0:00:04]} 2. d4 {[%emt 0:00:04]} e6 {[%emt 0:
00:02]} 3. Nf3 {[%emt 0:00:01]} c5 {[%emt 0:00:02]} 4. c3 {[%emt 0:00:01]} Nc6
{[%emt 0:00:02]} 5. Bd3 {[%emt 0:00:01]} Nf6 {[%emt 0:00:03]} 6. O-O {[%emt 0:
00:01]} Bd6 {[%emt 0:00:06]} 7. Nbd2 {[%emt 0:00:04]} b6 {[%emt 0:00:09]} 8. e4
{[%emt 0:00:10]} dxe4 {[%emt 0:00:05]} 9. Nxe4 {[%emt 0:00:07]} Nxe4 {[%emt 0:
00:09]} 10. Bxe4 {[%emt 0:00:04]} Bd7 {[%emt 0:00:02]} 11. d5 {[%emt 0:00:12]}
exd5 {[%emt 0:00:12]} 12. Bxd5 {[%emt 0:00:10]} O-O {[%emt 0:00:06]} 13. Bxf7+
{[%emt 0:00:03]} Rxf7 {[%emt 0:00:07]} 14. Qxd6 {[%emt 0:00:00]} Rf6 {[%emt 0:
00:29]} 15. Qd5+ {[%emt 0:00:13]} Re6 {[%emt 0:00:22]} 16. Ng5 {[%emt 0:00:10]}
Qe8 {[%emt 0:00:07]} 17. Nxe6 {[%emt 0:00:17]} Bxe6 {[%emt 0:00:04]} 18. Qe4 {
[%emt 0:00:04]} Qd7 {[%emt 0:00:09]} 19. Bf4 {[%emt 0:00:05]} Bd5 {[%emt 0:00:
09]} 20. Qd3 {[%emt 0:00:07]} Qf7 {[%emt 0:00:07]} 21. b3 {[%emt 0:00:15]} Rd8
{[%emt 0:00:09]} 22. Qg3 {[%emt 0:00:13]} Qf6 {[%emt 0:00:23]} 23. Bg5 {[%emt
0:00:04] Saint-Michel Ñäàåòñÿ} 1-0

[Event "T-Director's Swiss sytem"]
[Site "playchess.com #662980"]
[Date "2014.03.16"]
[Round "4"]
[White "Ultimatewinner_a"]
[Black "Zngor"]
[Result "1-0"]
[WhiteElo "2011"]
[BlackElo "1690"]
[PlyCount "87"]
[EventDate "2014.03.16"]
[EventType "swiss (blitz)"]

1. e3 {[%emt 0:00:01]} Nf6 {[%emt 0:00:03]} 2. d4 {[%emt 0:00:03]} g6 {[%emt 0:
00:01]} 3. c4 {[%emt 0:00:02]} Bg7 {[%emt 0:00:01]} 4. Nc3 {[%emt 0:00:00]} d6
{[%emt 0:00:01]} 5. g3 {[%emt 0:00:01]} Bg4 {[%emt 0:00:04]} 6. Nge2 {[%emt 0:
00:02]} Bf3 {[%emt 0:00:03]} 7. Rg1 {[%emt 0:00:02]} O-O {[%emt 0:00:11]} 8.
Bg2 {[%emt 0:00:03]} Bxg2 {[%emt 0:00:03]} 9. Rxg2 {[%emt 0:00:01]} Nbd7 {
[%emt 0:00:04]} 10. b3 {[%emt 0:00:02]} e5 {[%emt 0:00:03]} 11. d5 {[%emt 0:00:
02]} a5 {[%emt 0:00:06]} 12. a4 {[%emt 0:00:13]} Nc5 {[%emt 0:00:08]} 13. Ba3 {
[%emt 0:00:04]} Nfe4 {[%emt 0:00:11]} 14. Nxe4 {[%emt 0:00:09]} Nxe4 {[%emt 0:
00:02]} 15. Qc2 {[%emt 0:00:02]} f5 {[%emt 0:00:07]} 16. O-O-O {[%emt 0:00:02]}
b6 {[%emt 0:00:07]} 17. f3 {[%emt 0:00:02]} Nc5 {[%emt 0:00:03]} 18. Nc3 {
[%emt 0:00:04]} e4 {[%emt 0:00:10]} 19. Bxc5 {[%emt 0:00:13]} exf3 {[%emt 0:00:
09]} 20. Rf2 {[%emt 0:00:06]} bxc5 {[%emt 0:00:03]} 21. Rxf3 {[%emt 0:00:01]}
Qf6 {[%emt 0:00:13]} 22. Nb5 {[%emt 0:00:03]} Qa1+ {[%emt 0:00:08]} 23. Kd2 {
[%emt 0:00:05]} Qe5 {[%emt 0:00:09]} 24. Nxc7 {[%emt 0:00:04]} Rab8 {[%emt 0:
00:36]} 25. Nb5 {[%emt 0:00:09]} Bh6 {[%emt 0:00:14]} 26. Qc3 {[%emt 0:00:11]}
Qe4 {[%emt 0:00:07]} 27. Rdf1 {[%emt 0:00:02]} Rbd8 {[%emt 0:00:16]} 28. Qxa5 {
[%emt 0:00:13]} Rfe8 {[%emt 0:00:24]} 29. Qc3 {[%emt 0:00:09]} Re7 {[%emt 0:00:
39]} 30. R1f2 {[%emt 0:00:47]} Bg7 {[%emt 0:00:08]} 31. Qd3 {[%emt 0:00:06]}
Qe5 {[%emt 0:00:08]} 32. Ke2 {[%emt 0:00:03]} Qb2+ {[%emt 0:00:06]} 33. Kf1 {
[%emt 0:00:02]} Qc1+ {[%emt 0:00:05]} 34. Kg2 {[%emt 0:00:02]} Rde8 {[%emt 0:
00:16]} 35. Re2 {[%emt 0:00:08]} h5 {[%emt 0:00:35]} 36. Nxd6 {[%emt 0:00:11]}
Rb8 {[%emt 0:00:02]} 37. Nb5 {[%emt 0:00:03]} Re4 {[%emt 0:00:07]} 38. Rf1 {
[%emt 0:00:08]} Rxe3 {[%emt 0:00:21]} 39. Rxe3 {[%emt 0:00:03]} Qxf1+ {[%emt 0:
00:03]} 40. Kxf1 {[%emt 0:00:02]} Bd4 {[%emt 0:00:01]} 41. Re6 {[%emt 0:00:02]}
Kg7 {[%emt 0:00:03]} 42. Nxd4 {[%emt 0:00:02]} cxd4 {[%emt 0:00:02]} 43. Qxd4+
{[%emt 0:00:00]} Kh6 {[%emt 0:00:01]} 44. Qf4+ {[%emt 0:00:01] Zngor resigns}
1-0

[Event "T-Director's Swiss sytem"]
[Site "playchess.com #662980"]
[Date "2014.03.16"]
[Round "1"]
[White "UrkhanSG"]
[Black "Chess-hate"]
[Result "1-0"]
[WhiteElo "1986"]
[BlackElo "1364"]
[PlyCount "39"]
[EventDate "2014.03.16"]
[EventType "swiss (blitz)"]

1. d4 {[%emt 0:00:02]} c5 {[%emt 0:00:00]} 2. d5 {[%emt 0:00:01]} f5 {[%emt 0:
00:01]} 3. e4 {[%emt 0:00:03]} d6 {[%emt 0:00:01]} 4. Nc3 {[%emt 0:00:02]} fxe4
{[%emt 0:00:01]} 5. f3 {[%emt 0:00:04]} exf3 {[%emt 0:00:02]} 6. Nxf3 {[%emt 0:
00:01]} Na6 {[%emt 0:00:04]} 7. Bb5+ {[%emt 0:00:17]} Bd7 {[%emt 0:00:02]} 8.
O-O {[%emt 0:00:01]} g6 {[%emt 0:00:05]} 9. Ng5 {[%emt 0:00:02]} Nc7 {[%emt 0:
00:02]} 10. Nf7 {[%emt 0:00:07]} Qc8 {[%emt 0:00:02]} 11. Bxd7+ {[%emt 0:00:03]
} Qxd7 {[%emt 0:00:01]} 12. Nxh8 {[%emt 0:00:01]} Nf6 {[%emt 0:00:01]} 13. Bg5
{[%emt 0:00:25]} Bg7 {[%emt 0:00:02]} 14. Qe2 {[%emt 0:00:17]} O-O-O {[%emt 0:
00:05]} 15. Nf7 {[%emt 0:00:02]} Rf8 {[%emt 0:00:05]} 16. Nh6 {[%emt 0:00:02]}
Ncxd5 {[%emt 0:00:05]} 17. Nxd5 {[%emt 0:00:01]} Nxd5 {[%emt 0:00:01]} 18.
Rxf8+ {[%emt 0:00:01]} Bxf8 {[%emt 0:00:02]} 19. Qf3 {[%emt 0:00:01]} Bg7 {
[%emt 0:00:02]} 20. Qxd5 {[%emt 0:00:01] Chess-hate abandonne} 1-0

[Event "T-Director's Swiss sytem"]
[Site "playchess.com #662980"]
[Date "2014.03.16"]
[Round "5"]
[White "UrkhanSG"]
[Black "MatildaAB"]
[Result "1/2-1/2"]
[WhiteElo "2000"]
[BlackElo "2088"]
[PlyCount "109"]
[EventDate "2014.03.16"]
[EventType "swiss (blitz)"]

1. d4 {[%emt 0:00:00]} f5 {[%emt 0:00:02]} 2. e4 {[%emt 0:00:04]} fxe4 {[%emt
0:00:02]} 3. Nc3 {[%emt 0:00:01]} Nf6 {[%emt 0:00:01]} 4. Bg5 {[%emt 0:00:01]}
Nc6 {[%emt 0:00:03]} 5. d5 {[%emt 0:00:01]} Ne5 {[%emt 0:00:01]} 6. Qd4 {[%emt
0:00:01]} Nf7 {[%emt 0:00:03]} 7. f4 {[%emt 0:00:01]} g6 {[%emt 0:00:33]} 8.
Bxf6 {[%emt 0:00:20]} exf6 {[%emt 0:00:02]} 9. Nxe4 {[%emt 0:00:01]} Bg7 {
[%emt 0:00:02]} 10. d6 {[%emt 0:00:06]} cxd6 {[%emt 0:00:16]} 11. O-O-O {[%emt
0:00:37]} O-O {[%emt 0:00:09]} 12. Nxd6 {[%emt 0:00:01]} Nxd6 {[%emt 0:00:03]}
13. Qxd6 {[%emt 0:00:02]} Kh8 {[%emt 0:00:12]} 14. h4 {[%emt 0:00:02]} Qa5 {
[%emt 0:00:07]} 15. Bc4 {[%emt 0:00:11]} Qa4 {[%emt 0:00:32]} 16. Bb3 {[%emt 0:
00:16]} Qc6 {[%emt 0:00:04]} 17. Nf3 {[%emt 0:00:02]} Qxd6 {[%emt 0:00:11]} 18.
Rxd6 {[%emt 0:00:02]} Bh6 {[%emt 0:00:05]} 19. g3 {[%emt 0:00:11]} Re8 {[%emt
0:00:16]} 20. Re1 {[%emt 0:00:04]} Rxe1+ {[%emt 0:00:11]} 21. Nxe1 {[%emt 0:00:
00]} Bg7 {[%emt 0:00:04]} 22. Nf3 {[%emt 0:00:13]} a5 {[%emt 0:00:03]} 23. Bc4
{[%emt 0:00:11]} Rb8 {[%emt 0:00:21]} 24. a4 {[%emt 0:00:03]} b6 {[%emt 0:00:
05]} 25. Nd4 {[%emt 0:00:02]} Rb7 {[%emt 0:00:11]} 26. Nb5 {[%emt 0:00:09]} Rb8
{[%emt 0:00:12]} 27. Kd2 {[%emt 0:00:05]} Ba6 {[%emt 0:00:07]} 28. Rxd7 {[%emt
0:00:15]} Bxb5 {[%emt 0:00:02]} 29. Bxb5 {[%emt 0:00:00]} f5 {[%emt 0:00:03]}
30. c3 {[%emt 0:00:12]} Bf6 {[%emt 0:00:03]} 31. h5 {[%emt 0:00:02]} Rd8 {
[%emt 0:00:07]} 32. Rxd8+ {[%emt 0:00:03]} Bxd8 {[%emt 0:00:00]} 33. hxg6 {
[%emt 0:00:01]} hxg6 {[%emt 0:00:01]} 34. Be8 {[%emt 0:00:06]} Kg7 {[%emt 0:00:
02]} 35. Kd3 {[%emt 0:00:01]} Kf6 {[%emt 0:00:06]} 36. Kc4 {[%emt 0:00:10]} g5
{[%emt 0:00:07]} 37. fxg5+ {[%emt 0:00:03]} Kxg5 {[%emt 0:00:01]} 38. Bd7 {
[%emt 0:00:01]} Bc7 {[%emt 0:00:05]} 39. Kb5 {[%emt 0:00:03]} Kg4 {[%emt 0:00:
12]} 40. Kc6 {[%emt 0:00:03]} Bd8 {[%emt 0:00:01]} 41. Be6 {[%emt 0:00:06]}
Kxg3 {[%emt 0:00:04]} 42. Bxf5 {[%emt 0:00:01]} Kf3 {[%emt 0:00:05]} 43. b4 {
[%emt 0:00:25]} axb4 {[%emt 0:00:02]} 44. cxb4 {[%emt 0:00:01]} Ke2 {[%emt 0:
00:03]} 45. b5 {[%emt 0:00:02]} Kd2 {[%emt 0:00:04]} 46. Kd7 {[%emt 0:00:04]}
Bg5 {[%emt 0:00:04]} 47. a5 {[%emt 0:00:25]} bxa5 {[%emt 0:00:01]} 48. b6 {
[%emt 0:00:02]} Bf4 {[%emt 0:00:07]} 49. b7 {[%emt 0:00:01]} a4 {[%emt 0:00:01]
} 50. Be6 {[%emt 0:00:01]} a3 {[%emt 0:00:02]} 51. Kc8 {[%emt 0:00:01]} Kc3 {
[%emt 0:00:02]} 52. b8=B {[%emt 0:00:02]} Bxb8 {[%emt 0:00:01]} 53. Kxb8 {
[%emt 0:00:02]} Kb2 {[%emt 0:00:01]} 54. Kb7 {[%emt 0:00:01]} a2 {[%emt 0:00:
01]} 55. Bxa2 {[%emt 0:00:00]} 1/2-1/2

[Event "T-Director's Swiss sytem"]
[Site "playchess.com #662980"]
[Date "2014.03.16"]
[Round "4"]
[White "UrkhanSG"]
[Black "Promotioncaval"]
[Result "1/2-1/2"]
[WhiteElo "1990"]
[BlackElo "2232"]
[PlyCount "129"]
[EventDate "2014.03.16"]
[EventType "swiss (blitz)"]

1. d4 {[%emt 0:00:02]} d6 {[%emt 0:00:03]} 2. Nf3 {[%emt 0:00:01]} g6 {[%emt 0:
00:01]} 3. c4 {[%emt 0:00:01]} Bg7 {[%emt 0:00:00]} 4. Nc3 {[%emt 0:00:01]} c6
{[%emt 0:00:00]} 5. e4 {[%emt 0:00:01]} e5 {[%emt 0:00:01]} 6. Be2 {[%emt 0:00:
01]} Ne7 {[%emt 0:00:02]} 7. O-O {[%emt 0:00:01]} O-O {[%emt 0:00:01]} 8. dxe5
{[%emt 0:00:01]} dxe5 {[%emt 0:00:01]} 9. Qxd8 {[%emt 0:00:03]} Rxd8 {[%emt 0:
00:01]} 10. b3 {[%emt 0:00:08]} Bg4 {[%emt 0:00:07]} 11. Ba3 {[%emt 0:00:01]}
Bf8 {[%emt 0:00:03]} 12. Rfd1 {[%emt 0:00:04]} Na6 {[%emt 0:00:06]} 13. Nxe5 {
[%emt 0:00:06]} Bxe2 {[%emt 0:00:12]} 14. Nxe2 {[%emt 0:00:02]} Bg7 {[%emt 0:
00:49]} 15. Bxe7 {[%emt 0:00:13]} Re8 {[%emt 0:00:02]} 16. Bd6 {[%emt 0:00:09]}
Bxe5 {[%emt 0:00:07]} 17. Bxe5 {[%emt 0:00:01]} Rxe5 {[%emt 0:00:01]} 18. f3 {
[%emt 0:00:05]} f5 {[%emt 0:00:08]} 19. Nc3 {[%emt 0:00:01]} Rae8 {[%emt 0:00:
01]} 20. Rd7 {[%emt 0:00:02]} Nc5 {[%emt 0:00:02]} 21. Rc7 {[%emt 0:00:08]}
fxe4 {[%emt 0:00:02]} 22. fxe4 {[%emt 0:00:08]} Nxe4 {[%emt 0:00:01]} 23. Nxe4
{[%emt 0:00:03]} Rxe4 {[%emt 0:00:01]} 24. Rxb7 {[%emt 0:00:00]} Re2 {[%emt 0:
00:01]} 25. Rxa7 {[%emt 0:00:08]} Rd2 {[%emt 0:00:05]} 26. Ra5 {[%emt 0:00:22]}
Ree2 {[%emt 0:00:02]} 27. Rg5 {[%emt 0:00:01]} Rxa2 {[%emt 0:00:49]} 28. Rxa2 {
[%emt 0:00:03]} Rxa2 {[%emt 0:00:07]} 29. Rc5 {[%emt 0:00:10]} Rb2 {[%emt 0:00:
02]} 30. Rxc6 {[%emt 0:00:02]} Rxb3 {[%emt 0:00:01]} 31. Kf2 {[%emt 0:00:00]}
Rc3 {[%emt 0:00:01]} 32. Rc7 {[%emt 0:00:01]} Rc2+ {[%emt 0:00:03]} 33. Kf3 {
[%emt 0:00:02]} Rc3+ {[%emt 0:00:01]} 34. Kf4 {[%emt 0:00:02]} Rc2 {[%emt 0:00:
01]} 35. g4 {[%emt 0:00:07]} Rxh2 {[%emt 0:00:03]} 36. c5 {[%emt 0:00:00]} Rc2
{[%emt 0:00:01]} 37. c6 {[%emt 0:00:00]} Rc5 {[%emt 0:00:04]} 38. g5 {[%emt 0:
00:05]} Kf8 {[%emt 0:00:07] Promotioncaval propose la nulle} 39. Rxh7 {[%emt 0:
00:55]} Rxc6 {[%emt 0:00:05]} 40. Ke5 {[%emt 0:00:00]} Ra6 {[%emt 0:00:06]} 41.
Rc7 {[%emt 0:00:16]} Ra5+ {[%emt 0:00:08]} 42. Kf6 {[%emt 0:00:02]} Ra6+ {
[%emt 0:00:01]} 43. Ke5 {[%emt 0:00:03]} Rb6 {[%emt 0:00:04]} 44. Rd7 {[%emt 0:
00:02]} Rb1 {[%emt 0:01:04]} 45. Rd6 {[%emt 0:00:15]} Kf7 {[%emt 0:00:15]} 46.
Rd7+ {[%emt 0:00:04]} Kf8 {[%emt 0:00:03]} 47. Ra7 {[%emt 0:00:12]} Rf1 {[%emt
0:00:14]} 48. Ke6 {[%emt 0:00:12]} Rf5 {[%emt 0:00:02]} 49. Rb7 {[%emt 0:00:26]
} Kg8 {[%emt 0:00:45]} 50. Rb8+ {[%emt 0:00:11]} Kg7 {[%emt 0:00:03]} 51. Rb7+
{[%emt 0:00:01]} Kg8 {[%emt 0:00:01]} 52. Rc7 {[%emt 0:00:01]} Rxg5 {[%emt 0:
00:18]} 53. Kf6 {[%emt 0:00:02]} Rg1 {[%emt 0:00:02]} 54. Rg7+ {[%emt 0:00:07]}
Kf8 {[%emt 0:00:07]} 55. Rf7+ {[%emt 0:00:05]} Ke8 {[%emt 0:00:02]} 56. Re7+ {
[%emt 0:00:01]} Kd8 {[%emt 0:00:01]} 57. Rg7 {[%emt 0:00:01]} g5 {[%emt 0:00:
03]} 58. Rg8+ {[%emt 0:00:00]} Kd7 {[%emt 0:00:02]} 59. Rg7+ {[%emt 0:00:00]}
Kd6 {[%emt 0:00:01]} 60. Rxg5 {[%emt 0:00:04]} Rf1+ {[%emt 0:00:01]} 61. Kg6 {
[%emt 0:00:02]} Ke6 {[%emt 0:00:03]} 62. Rg2 {[%emt 0:00:02]} Rf3 {[%emt 0:00:
02]} 63. Re2+ {[%emt 0:00:01]} Kd5 {[%emt 0:00:01]} 64. Re1 {[%emt 0:00:00]}
Rg3+ {[%emt 0:00:02]} 65. Kf5 {[%emt 0:00:06] Promotioncaval propose la nulle
Arbiter Decision (Draw by material), 1} 1/2-1/2

[Event "T-Director's Swiss sytem"]
[Site "playchess.com #662980"]
[Date "2014.03.16"]
[Round "5"]
[White "Utz"]
[Black "Haapana"]
[Result "0-1"]
[WhiteElo "1683"]
[BlackElo "2090"]
[PlyCount "62"]
[EventDate "2014.03.16"]
[EventType "swiss (blitz)"]

1. Nf3 {[%emt 0:00:02]} Nf6 {[%emt 0:00:03]} 2. d3 {[%emt 0:00:01]} d5 {[%emt
0:00:04]} 3. Nbd2 {[%emt 0:00:02]} c6 {[%emt 0:00:26]} 4. e4 {[%emt 0:00:01]}
Bg4 {[%emt 0:00:02]} 5. h3 {[%emt 0:00:02]} Bh5 {[%emt 0:00:02]} 6. g4 {[%emt
0:00:02]} dxe4 {[%emt 0:00:19]} 7. dxe4 {[%emt 0:00:02]} Bg6 {[%emt 0:00:04]}
8. Qe2 {[%emt 0:00:07]} e6 {[%emt 0:01:15]} 9. Ne5 {[%emt 0:00:05]} Nbd7 {
[%emt 0:00:04]} 10. Nxg6 {[%emt 0:00:01]} hxg6 {[%emt 0:00:02]} 11. Bg2 {[%emt
0:00:01]} Qc7 {[%emt 0:00:14]} 12. O-O {[%emt 0:00:07]} Bd6 {[%emt 0:00:03]}
13. Nf3 {[%emt 0:00:04]} e5 {[%emt 0:01:11]} 14. Rd1 {[%emt 0:00:14]} Nc5 {
[%emt 0:00:05]} 15. Ng5 {[%emt 0:00:16]} Nh7 {[%emt 0:00:08]} 16. a4 {[%emt 0:
00:06]} Nxg5 {[%emt 0:00:03]} 17. Bxg5 {[%emt 0:00:02]} Ne6 {[%emt 0:00:00]}
18. Be3 {[%emt 0:00:02]} Bc5 {[%emt 0:00:13]} 19. Bxc5 {[%emt 0:00:22]} Nxc5 {
[%emt 0:00:03]} 20. b4 {[%emt 0:00:07]} Ne6 {[%emt 0:00:02]} 21. Qf3 {[%emt 0:
00:27]} Nf4 {[%emt 0:00:33]} 22. Rd2 {[%emt 0:00:10]} Rd8 {[%emt 0:00:17]} 23.
Rad1 {[%emt 0:00:03]} Rxd2 {[%emt 0:00:03]} 24. Rxd2 {[%emt 0:00:02]} O-O {
[%emt 0:00:07]} 25. Qd3 {[%emt 0:00:13]} Nxd3 {[%emt 0:00:06]} 26. Rxd3 {[%emt
0:00:01]} Rd8 {[%emt 0:00:02]} 27. Bf1 {[%emt 0:00:02]} Rxd3 {[%emt 0:00:04]}
28. Bxd3 {[%emt 0:00:01]} a5 {[%emt 0:00:02]} 29. b5 {[%emt 0:00:04]} cxb5 {
[%emt 0:00:01]} 30. axb5 {[%emt 0:00:04]} a4 {[%emt 0:00:02]} 31. Kg2 {[%emt 0:
00:04]} a3 {[%emt 0:00:01] Utz gibt auf} 0-1